| 000 | 00605nam a22001577a 4500 | ||
|---|---|---|---|
| 003 | OSt | ||
| 005 | 20151214151231.0 | ||
| 008 | 151214b xxu||||| |||| 00| 0 eng d | ||
| 040 | _cRUA | ||
| 082 | _aFIS BUN 2001 B192 Or.1 | ||
| 100 |
_94852 _aBUNTONG, BORARIN. |
||
| 245 | _aWater user efficiency for irrigation in battambang province, ប្រសិទ្ធភាពនៃការប្រើប្រាស់ទឹកសម្រាប់ស្រោចស្រពនៅខេត្តបាត់ដមបង | ||
| 260 |
_aPhnom Penh _bRUA _c2001 |
||
| 300 |
_a67p. _bill. _c29cm. |
||
| 942 |
_2ddc _cFIS |
||
| 999 |
_c4510 _d4510 |
||